|
|
|
|
| LEADER |
00000nab a2200000Ia 4500 |
| 001 |
vtls010672911 |
| 003 |
SK-MaSNL |
| 005 |
20260305035409.0 |
| 008 |
250708|2011 xo |||||||||||||||||slo| |
| 035 |
|
|
|a (urnnbn)urn:nbn:sk:snk:ar-a06i35
|
| 035 |
|
|
|a (uuid)5f01c1c0-0e93-406a-917f-6c681a619a1c
|
| 035 |
|
|
|a urn:nbn:sk:snk-ab18xu
|
| 040 |
|
|
|a SNKBUCL
|b slo
|c SNKBUCL
|e AACR2
|
| 041 |
0 |
|
|a slo
|
| 044 |
|
|
|a xo
|c SK
|
| 080 |
|
|
|a 16
|2 2001
|
| 100 |
1 |
|
|a Nemec, Rastislav,
|d 1977-
|4 aut
|9 133635
|
| 245 |
1 |
0 |
|a NOVÁK, Lukáš - DVOŘÁK, Petr: Úvod do logiky aristotelské tradice
|c Rastislav Nemec
|
| 504 |
|
|
|a Bibliogr. odkazy
|
| 600 |
0 |
7 |
|a Aristoteles,
|d 384 pred Kr.-322 pred Kr.
|2 SNKMA
|9 186400
|
| 650 |
0 |
7 |
|a logika Aristotelova
|2 SNKPH
|9 167948
|
| 650 |
0 |
7 |
|a monografie
|2 SNKPH
|9 256509
|
| 650 |
0 |
7 |
|a klasická grécka filozofia
|2 SNKPH
|9 66922
|
| 655 |
|
7 |
|a recenzie
|2 SNKPH
|9 21907
|
| 773 |
0 |
|
|t Studia Aloisiana : vedecké štúdie, recenzie, odborné preklady, správy o vedeckých podujatiach, kresťanská filozofia, náuka o rodine, formácia spoločenstiev, katolícka teológia
|g Roč. 2, č. 3 (2011), s. 75-77
|
| 787 |
0 |
8 |
|i Rec.: Novák, Lukáš
|t Úvod do logiky aristotelské tradice
|d České Budějovice : Teologická fakulta Jihočeské univerzity, 2007
|z 9788070409596
|
| 787 |
0 |
8 |
|i Rec.: Dvřák Petr
|t Úvod do logiky aristotelské tradice
|d České Budějovice : Teologická fakulta Jihočeské univerzity, 2007
|z 9788070409596
|
| 850 |
|
|
|a Slovenská národná knižnica
|
| 852 |
|
|
|a Slovenská národná knižnica
|
| 954 |
|
|
|a odborná, vedecká literatúra pôvodná (slovenská)
|2 lita
|
| 958 |
|
|
|a article
|
| 958 |
|
|
|a NB
|
| 958 |
|
|
|a OND
|
| 958 |
|
|
|a EUIPO
|
| 999 |
|
|
|c 3333618
|d 3335548
|